NBA 2k20 Top 10 Highest Overall Players - Statistics

General Stats
  • This quiz has been taken 273 times
  • The average score is 8 of 10
Answer Stats
Hint Answer % Correct
97 Lebron James
100%
95 Stephen Curry
96%
96 Kevin Durant
93%
97 Giannis Antetokounmpo
92%
97 James Harden
87%
96 Anthony Davis
84%
91 Nikola Jokic
81%
96 Kawhi Leonard
80%
96 Luka Doncic
71%
94 Damian Lillard
62%
No matching quizzes found
Score Distribution
Percent of People with Each Score
Percentile by Number Answered
Your Score History
You have not taken this quiz